Générique Enigma - Paroles - Statistiques

Statistiques générales
  • Ce quiz a été pris 9 fois
  • Le résultat moyen est 9 sur 14
Statistiques - réponses
Paroles % Correct
Ce point dans le {ciel}
100%
Qu'est ce que c'{est}
100%
Agatha ou peut-être {Enigma} ?
71%
{Enigma}
71%
Enigma ou {Agatha} ?
71%
Mais qui es, mais qui es-{tu} ?
71%
Qui virevolte comme une {hirondelle}
71%
Sûrement pas une {soucoupe} volante
71%
Un ovni, une étoile {filante}
71%
C'est une vraie bombe {atomique}
57%
C'est une vraie bombe {atomique}
57%
Dès qu'elle enfile ses {chaussures} magiques
57%
Quelqu'un peut-il nous {dire} ?
43%
"Plutôt ange ou {vampire}"
29%
Aucun quiz correspondant
Distribution des résultats
% des personnes avec chaque résultat
Percentile par nombre de réponses
Votre historique - résultats
Vous n’avez pas pris ce quiz